00385nam a2200121Ia 4500003000400000005001700004008004100021040001800062041000800080100004300088245009500131260003700226OSt20260402115837.0211028s2016 xx 000 0 und d cAIMIT LIBRARY aeng aChaithya K; Kamath, T Ramesh.g1416034 aStudy on factors affecting job satisfaction and retention techniques at big bazaar Kochi / aMangalorebT Ramesh Kamathc2016